Entry Personal Name
Number of records used in: 1
001 - CONTROL NUMBER
003 - CONTROL NUMBER IDENTIFIER
005 - DATE AND TIME OF LATEST TRANSACTION
- control field:
20200314123953.0
008 - FIXED-LENGTH DATA ELEMENTS
- fixed length control field:
200314|| aca||aabn | a|a d
040 ## - CATALOGING SOURCE
- Original cataloging agency:
OSt
- Transcribing agency:
OSt
100 ## - HEADING--PERSONAL NAME
- Personal name:
PANDA, U.N
670 ## - SOURCE DATA FOUND
- Source citation:
Work cat.: (OSt): PANDA, U.N, HANDBOOK OF ANATOMY